| 000 | 00336nam a22001217a 4500 | ||
|---|---|---|---|
| 008 | 171226b xxu||||| |||| 00| 0 eng d | ||
| 041 | _aeng | ||
| 080 | _a33 | ||
| 100 | _a53 | ||
| 101 | _aECO | ||
| 245 |
_aMIGRATION ECONOMIC GROWTH IN THE UNITED STATES NATIONAL AND METROPOLITAN PERSPECTIVES _cMICHAEL.J.G |
||
| 942 |
_2udc _cBK |
||
| 999 |
_c39424 _d39424 |
||